Elementos da Tabela Periódica Mencionados Na Bíblia - Statistics

Estatísticas Gerais
  • Esse quiz foi jogado 3 878 vezes
  • A pontuação média é 4 de 7
Estatísticas das Respostas
Elemento % Correto
Ouro
95%
Prata
89%
Ferro
76%
Cobre
74%
Enxofre
36%
Chumbo
30%
Estanho
23%
Nenhum quiz correspondente encontrado
Distribuição das Pontuações
Porcentagem de Pessoas com Cada Pontuação
Percentil de Números Respondidos
Sua Pontuação Histórica
Você não jogou esse quiz